Hungary revenues (Record no. 2053)

000 -LEADER
fixed length control field 00337nam a22000977a 4500
008 - FIXED-LENGTH DATA ELEMENTS--GENERAL INFORMATION
fixed length control field 160606b xxu||||| |||| 00| 0 eng d
100 ## - MAIN ENTRY--AUTHOR'S NAME
Author's Name Barefoot, J.
245 ## - TITLE STATEMENT
Title Hungary revenues
260 ## - PUBLICATION, DISTRIBUTION, ETC. (IMPRINT)
Place of publication, distribution, etc. York, England
Name of publisher, distributor, etc. J. Barefoot Ltd
Date of publication, distribution, etc. 1987
650 ## - TOPICAL TERM (Tag)
Topical term or geographic name Hungary | Revenues | Revenues -- Municipal | Catalogs and Price Lists | Cinderella Material | Fiume
Holdings
Withdrawn status Lost status Source of classification or shelving scheme Damaged status Koha normalized classification for sorting Not for loan Collection code Permanent Location Current Location Date acquired Total Checkouts Full call number Barcode Date last seen Date last checked out Price effective from
        G6501 R451 B248   Al Hyman Northern Philatelic Library Northern Philatelic Library 06/06/2016 1 G6501 R451 B248 1002387 07/13/2023 06/17/2023 06/06/2016

Powered by Koha